| 000 | 01079nam a2200361Ia 4500 | ||
|---|---|---|---|
| 001 | dia_1860 | ||
| 003 | CHAP | ||
| 005 | 20251023155606.0 | ||
| 008 | 220117s1981 xx 000 0 und d | ||
| 010 | _a172397 | ||
| 020 | _a968-24-1113-0 | ||
| 040 | _cCHAP | ||
| 082 | _a633.1 P37 1981 | ||
| 100 |
_aParsons, David B. _985775 |
||
| 245 |
_aTrigo, cebada, avena / _c David B. Parsons ; colaboración J. R. Mondoñedo...[et al.] |
||
| 260 |
_aMéxico : _b Trillas, _c1981 |
||
| 300 | _a58 p. | ||
| 400 | _aMANUALES PARA EDUCACIÓN AGROPECUARIA, 9 | ||
| 440 |
_aManuales para la educación agropecuaria ; 9 _9151726 |
||
| 503 | _aD. (ej.1y2) \ C/e (ej.3) | ||
| 590 | _aSB189 P37 1981 | ||
| 650 |
_aAvena _98503 |
||
| 650 |
_aBarley _9151727 |
||
| 650 |
_aCebada _920652 |
||
| 650 |
_aOats _9151728 |
||
| 650 |
_aTrigo _9114954 |
||
| 650 |
_aWheat _9147670 |
||
| 700 |
_aMondoñedo, J. R., colab. _9151729 |
||
| 901 | _a633.1 P37 1981 | ||
| 902 | _aM | ||
| 905 | _a5232271981 mx an 8222223322spa16 | ||
| 942 |
_cLIBRO _2ddc |
||
| 999 |
_c172397 _d172397 |
||